| 000 | 00884nam a2200289 a 4500 | ||
|---|---|---|---|
| 001 | 14082 | ||
| 003 | BD-JhCC | ||
| 005 | 20240919115855.0 | ||
| 008 | 970524s1996 njua bf 001 0 eng | ||
| 020 | _a013199387 | ||
| 035 | _a(BD-JhCC)14082 | ||
| 040 |
_aDLC _cDLC _dBD-JhCC |
||
| 041 | _aenglish | ||
| 050 | 0 | 0 |
_aPE1404 _b.S836 1996 |
| 082 | 0 | 0 |
_a808.04207 _221 _bTRO 2007 |
| 100 | _aTroyka, Lynn Quitman | ||
| 245 | 0 | 0 |
_aSimon & Schuster handbook for writers / _c Lynn Quitman Troyka,Douglas Hesse. |
| 250 | _a4th ed. | ||
| 260 |
_aUpper Saddle River, N.J. : _bPrentice Hall, _c2007. |
||
| 300 |
_ai-v, 554 p. : _bill. ; _c22 cm. |
||
| 650 | 0 |
_aEnglish language _xRhetoric _xStudy and teaching. |
|
| 650 | 0 |
_aEnglish language _xGrammar _xStudy and teaching. |
|
| 650 | 0 |
_aReport writing _xStudy and teaching. |
|
| 700 | 1 | _a Hesse,Douglas | |
| 942 |
_2ddc _cBK |
||
| 999 |
_c14082 _d14082 |
||